| 000 | 00940cam a22002897a 4500 | ||
|---|---|---|---|
| 003 | CHAP | ||
| 005 | 20220329140511.0 | ||
| 008 | 971013s r 00010 d | ||
| 010 | _a52912 | ||
| 011 | _a53884 | ||
| 035 | _a58034 | ||
| 040 | _cCHAP | ||
| 082 |
_a301 _bS34 |
||
| 100 | 0 | 0 |
_aSánchez Hernández, Miguel. _9107606 |
| 245 | 1 | 3 |
_aLa sociedad y su integración _b: resumen y crítica de algunos autores |
| 260 |
_aChapingo, Méx. : _bColegio de Postgraduados, _c(s.a.) |
||
| 300 | _a(pág. varia) | ||
| 590 |
_aBATCH-UPD _b10 _c20130110 _lUCH01 _h0947 |
||
| 590 |
_aBATCH-UPD _b10 _c20130410 _lUCH01 _h0602 |
||
| 590 |
_aBATCH-UPD _b10 _c20130914 _lUCH01 _h2029 |
||
| 590 |
_aCONVERSION _b10 _c20130109 _lUCH01 _h1329 |
||
| 650 | 1 | 4 |
_aSociología. _9108197 |
| 901 | _aBK | ||
| 942 | _cLIBRO | ||
| 949 |
_a301 S34 _bBC _cLIBRO _d33724000287462 _eLIBRO _h9440 _i58034 _si |
||
| 949 |
_a301 S34 _bBC _cUACH _d-126101 _eUACH _fc.2 _h9441 _i58034 _si |
||
| 999 |
_c52912 _d52912 |
||